[Event "1998 Canadian Junior"]
[Site "Vancouver, British Columbia"]
[Date "1999.01.01"]
[Round "10"]
[White "Carlisle, Michael"]
[Black "Reddy, Tyler"]
[Result "0-1"]
[WhiteElo "2074"]
[BlackElo "2094"]

1. d4 d5 2. c4 dxc4 3. Nf3 a6 4. e3 e6 5. Bxc4 c5 6. Ne5 b5 7. Be2 Nf6 8. 
O-O cxd4 9. exd4 Be7 10. Bg5 Nd5 11. Bxe7 Qxe7 12. Nc3 Bb7 13. Ne4 Nd7 14.
Nxd7 Qxd7 15. Nc5 Qe7 16. Bf3 O-O 17. Qb3 Rfd8 18. Rfe1 Rab8 19. Rac1 h6 
20. Re5 Qc7 21. Rce1 Qb6 22. a4 Ba8 23. Bh5 Nf4 24. Bxf7+ Kxf7 25. Nxe6 
Nxe6 26. Rxe6 Bd5 27. Re7+ Kg8 28. Qg3 Qf6 29. R7e5 Bf7 30. R1e4 Qg6 31. 
Qf4 Rbc8 32. g4 Bd5 33. Re2 Qc6 34. Qf5 Rf8 35. Qh5 Qc1+ 36. Re1 Qf4 37. 
Rxd5 Qxf2+ 0-1

[Event "1998 Canadian Junior"]
[Site "Vancouver, British Columbia"]
[Date "1999.01.01"]
[Round "10"]
[White "Pechisker, Alfred"]
[Black "Voloaca, Mihnea"]
[Result "1/2-1/2"]
[WhiteElo "2244"]
[BlackElo "2137"]

1. d4 d5 2. c4 c6 3. Nc3 Nf6 4. Bg5 dxc4 5. a4 Qa5 6. Nf3 Bg4 7. Ne5 Bh5 8.
Bxf6 exf6 9. Nxc4 Qb4 10. Qd3 Bg6 11. e4 Nd7 12. Be2 Nb6 13. O-O Nxc4 14. 
Qxc4 Qxc4 15. Bxc4 Bb4 16. d5 Bxc3 17. bxc3 cxd5 18. Bxd5 O-O-O 19. Rab1 
Rd7 20. Rb5 Rhd8 21. c4 f5 22. e5 f4 23. g3 fxg3 24. hxg3 Re7 25. f4 Bf5 
26. Rf2 Be6 27. Rfb2 Rdd7 28. Kf2 Rc7 29. Ke3 h5 30. Kd4 g6 31. Ra5 Kb8 32.
Rab5 Kc8 33. a5 Red7 34. R2b3 Re7 35. Rc5 Rxc5 36. Kxc5 Rc7+ 37. Kb4 Bf5 
38. Re3 Re7 39. c5 Kc7 40. Kc4 Be6 41. Rd3 1/2-1/2

[Event "1998 Canadian Junior"]
[Site "Vancouver, British Columbia"]
[Date "1999.01.01"]
[Round "10"]
[White "Henson, Joshua"]
[Black "Afrah, Navid"]
[Result "1-0"]
[WhiteElo "2071"]
[BlackElo "2109"]

1. e4 c5 2. Nf3 e6 3. d4 cxd4 4. Nxd4 Nc6 5. Nc3 Nf6 6. Be2 Bb4 7. O-O Bxc3
8. bxc3 Nxe4 9. Bd3 d5 10. Ba3 Qa5 11. Nb5 Bd7 12. Rb1 a6 13. Nd6+ Nxd6 14.
Bxd6 O-O-O 15. Qf3 f6 16. Rb2 Ne5 17. Qe3 Nf7 18. Bc5 Rde8 19. Rfb1 Bc6 20.
Rb6 Ne5 21. R1b3 Nd7 22. Bxa6 Qxc5 23. Qxc5 Nxc5 24. Rxc6+ Kd7 25. Rxc5 
bxa6 26. Rb7+ Kd6 27. Rcc7 Rb8 28. Rd7+ Ke5 29. Rxg7 Rxb7 30. Rxb7 Rc8 31.
Rb3 a5 32. Ra3 Rb8 33. Kf1 Ke4 34. Ke2 Rb2 35. Ra4+ Rb4 36. cxb4 axb4 37. 
Rxb4+ d4 38. a4 Kd5 1-0

[Event "1998 Canadian Junior"]
[Site "Vancouver, British Columbia"]
[Date "1999.01.02"]
[Round "11"]
[White "Reddy, Tyler"]
[Black "Charbonneau, Pascal"]
[Result "1/2-1/2"]
[WhiteElo "2094"]
[BlackElo "2354"]

1. c4 e5 2. g3 Nf6 3. Bg2 c6 4. d4 exd4 5. Qxd4 d5 6. cxd5 cxd5 7. Nf3 Nc6
8. Qa4 Bc5 9. Qb3 O-O 10. O-O h6 11. Bf4 Qe7 12. Nc3 d4 13. Nd5 Nxd5 14. 
Qxd5 Rd8 1/2-1/2

[Event "1998 Canadian Junior"]
[Site "Vancouver, British Columbia"]
[Date "1999.01.02"]
[Round "11"]
[White "Khan, Zamir"]
[Black "Wong, Samuel"]
[Result "1/2-1/2"]
[WhiteElo "2182"]
[BlackElo "1975"]

1. d4 d5 2. c4 c6 3. Nc3 Nf6 4. Nf3 e6 5. e3 Nbd7 6. Bd3 dxc4 7. Bxc4 b5 8.
Be2 Bb7 9. a3 a6 10. b4 Be7 11. O-O O-O 12. Bd2 a5 13. Rb1 axb4 14. axb4 
Bd6 15. Ne1 Nd5 16. Nxd5 exd5 17. Qb3 Nf6 18. f4 Ne4 19. Bc3 Qe7 20. Nc2 
Bc8 1/2-1/2

[Event "1998 Canadian Junior"]
[Site "Vancouver, British Columbia"]
[Date "1999.01.02"]
[Round "11"]
[White "Hua, Lefong"]
[Black "Carlisle, Michael"]
[Result "1-0"]
[WhiteElo "2358"]
[BlackElo "2074"]

1. c4 e6 2. Nc3 Nf6 3. e4 Bb4 4. e5 Ng8 5. Qg4 Kf8 6. d4 d5 7. cxd5 Qxd5 8.
a3 Bxc3+ 9. bxc3 c5 10. Nf3 Qb3 11. Bd2 Qb2 12. Rc1 Qxa3 13. dxc5 Qxc5 14.
Be3 Qc7 15. Qb4+ Ne7 16. Bc5 Nc6 17. Qa3 g6 18. Bd6 Qd8 19. Bb5 Kg7 20. O-O
Nf5 21. Bxc6 Nxd6 22. exd6 bxc6 23. Rfd1 Bd7 24. Ne5 f6 25. Nd3 a5 26. Nc5
Ra7 27. Rb1 Qc8 28. Rb6 Qa8 29. Rdb1 Rd8 30. Rb7 Kh8 31. h3 Rxb7 32. Rxb7 
Bc8 33. Re7 Rxd6 34. Re8+ Kg7 35. Nxe6+ 1-0

[Event "1998 Canadian Junior"]
[Site "Vancouver, British Columbia"]
[Date "1999.01.02"]
[Round "11"]
[White "Dutton, Warren"]
[Black "Pechisker, Alfred"]
[Result "0-1"]
[WhiteElo "2062"]
[BlackElo "2244"]

1. Nf3 d5 2. g3 c5 3. Bg2 Nc6 4. O-O e5 5. d3 Be7 6. Nbd2 Nf6 7. c3 O-O 8.
Qc2 Ne8 9. e4 d4 10. Nc4 f6 11. a4 Be6 12. Rd1 Nd6 13. Nxd6 Qxd6 14. c4 
Rab8 15. Nh4 b6 16. f4 a6 17. Nf5 Qd7 18. g4 b5 19. axb5 axb5 20. b3 bxc4 
21. bxc4 Rb6 22. Bd2 Rfb8 23. Rdb1 Qb7 24. Rxb6 Qxb6 25. Qa4 Bf8 26. h3 Bd7
27. Kh2 Qb2 28. Bc1 Qe2 29. Qa3 Qc2 30. Ra2 Qd1 31. Rd2 Qe1 32. Ra2 Rb1 33.
Bd2 Qg1+ 34. Kg3 g6 35. Nh4 exf4+ 0-1

[Event "1998 Canadian Junior"]
[Site "Vancouver, British Columbia"]
[Date "1999.01.02"]
[Round "11"]
[White "Voloaca, Mihnea"]
[Black "Henson, Joshua"]
[Result "0-1"]
[WhiteElo "2137"]
[BlackElo "2071"]

1. c4 e5 2. Nc3 Nf6 3. g3 Bb4 4. Bg2 O-O 5. e3 Bxc3 6. bxc3 d6 7. e4 Re8 8.
Ne2 Nbd7 9. O-O Nc5 10. d3 Bg4 11. h3 Bxe2 12. Qxe2 Qe7 13. f4 Nfd7 14. Be3
Rad8 15. Rad1 c6 16. f5 f6 17. Bf3 Nb6 18. Qf2 Nba4 19. Qc2 b5 20. Rfe1 Qc7
21. d4 Nd7 22. cxb5 cxb5 23. Qb3+ Qc4 24. Rc1 Rc8 25. Bh5 Re7 26. Be2 Qxb3
27. axb3 Nxc3 28. Bxb5 Kf8 29. d5 Nb6 30. Ba6 Rcc7 31. Bd2 Na2 32. Rxc7 
Rxc7 33. Ra1 Rc2 34. Be1 Rc1 35. Rxc1 Nxc1 36. b4 Nb3 37. Bf2 Nd2 38. Bd3 
Ke7 39. Be3 Ndc4 0-1

[Event "1998 Canadian Junior"]
[Site "Vancouver, British Columbia"]
[Date "1999.01.02"]
[Round "11"]
[White "Afrah, Navid"]
[Black "Olson, Hans"]
[Result "0-1"]
[WhiteElo "2109"]
[BlackElo "1928"]

1. e4 e5 2. Nf3 Nc6 3. Bb5 a6 4. Ba4 Nf6 5. d4 exd4 6. O-O Be7 7. e5 Nd5 8.
Nxd4 O-O 9. Nf5 Nb6 10. Qg4 g6 11. Bxc6 dxc6 12. Nxe7+ Qxe7 13. Qg3 Nd5 14.
c4 Nb4 15. Bg5 Qe6 16. Na3 Qg4 17. Qe3 Re8 18. Rad1 h5 19. Rd4 Qe6 20. Bf6
Kh7 21. Rh4 Qxf6 22. exf6 Rxe3 23. fxe3 Bg4 24. Rf4 g5 25. Rfxg4 gxh4 26. 
Rg7+ Kh6 27. c5 Nd5 28. Rxf7 Kg6 29. Rd7 Rf8 30. e4 Nxf6 31. Rxc7 Nxe4 32.
Nc4 Nxc5 0-1